FAO fisheries report N559 Report of the expert consultation on inland fishery enhancements ( held at Dhaka, Bangladesh, 7-11 April, 1997)
Wedi'i Gadw mewn:
| Prif Awdur: | |
|---|---|
| Fformat: | Llyfr |
| Iaith: | Undetermined |
| Cyhoeddwyd: |
Rome
FAO
1997
|
| Pynciau: | |
| Tagiau: |
Ychwanegu Tag
Dim Tagiau, Byddwch y cyntaf i dagio'r cofnod hwn!
|
| Thư viện lưu trữ: | Trung tâm Học liệu Trường Đại học Cần Thơ |
|---|
| LEADER | 00579nam a2200193Ia 4500 | ||
|---|---|---|---|
| 001 | CTU_22959 | ||
| 008 | 210402s9999 xx 000 0 und d | ||
| 082 | |a 639 | ||
| 082 | |b R425/N559 | ||
| 100 | |a FAO | ||
| 245 | 0 | |a FAO fisheries report N559 | |
| 245 | 0 | |b Report of the expert consultation on inland fishery enhancements ( held at Dhaka, Bangladesh, 7-11 April, 1997) | |
| 245 | 0 | |c FAO | |
| 260 | |a Rome | ||
| 260 | |b FAO | ||
| 260 | |c 1997 | ||
| 650 | |a fisheries | ||
| 904 | |i Nguyễn Quang Điền, 980709 | ||
| 980 | |a Trung tâm Học liệu Trường Đại học Cần Thơ | ||